| 000 | 01004nam a22002655i 4500 | ||
|---|---|---|---|
| 001 | 154123 | ||
| 003 | ES-MaACL | ||
| 005 | 20250730063137.0 | ||
| 008 | 050804s1764 ne af | |||||||| ||fre d | ||
| 040 |
_aCAM _bspa _cCAM |
||
| 100 | 1 |
_aFontenelle, Bernard le Bouyer de, _d1657-1757 _9127106 |
|
| 245 | 1 | 0 |
_aOeuvres de Monsieur de Fontenelle ... _b: tome septième. |
| 250 | _aNouvelle édition augmentée avec figures. | ||
| 260 |
_aA Amsterdam : _bchez François Changuion, _c1764. |
||
| 300 |
_a[4], 270, [2] p., [1] h. de grab. ; _c12º. |
||
| 594 | _aEncabezamiento completado con BN Opale-plus. | ||
| 595 | _aDato de ed. precede a mención de parte. | ||
| 597 | _aSign.: [ ]2, A8, B-Y8 4. | ||
| 597 | _aAntep. | ||
| 597 | _aPort. a dos tintas. | ||
| 599 | _aLa h. de grab. calc.: "Gravelot inv., Cl. Duflos sculp.", alegórica. | ||
| 650 | 4 |
_aPluralidad de mundos. _9154833 |
|
| 852 |
_aES-MaACL _jR-1227-37 _z-- Enc. piel _x Olim: G-10967-77 |
||
| 999 |
_c154123 _d154123 |
||